000 00708nam a2200229Ia 4500
003 GCL
008 140319s9999 xx 000 0 ara d
040 _aGCL /
_cGCL
082 0 4 _a370.1931
_bش ك
100 1 _aشبل بدران
245 1 0 _aكما يكون المجتمع تكون التربية /
_cشبل بدران
260 _a[S.N] :
_bدار المعرفة الجامعية ،
_c1993
300 _a188 ص
490 _aالمكتبة التربوية
_v0
650 0 4 _aالمجتمع
650 0 4 _aالتربية
650 0 4 _aالسياسة
650 0 4 _aالاجتماع
650 0 4 _aالبناء الاجتماعى
650 0 4 _aالمؤسسات التعلمية
942 _2ddc
_cBK
999 _c28204
_d28204